| 000 | 01326nam a2200253Ia 4500 | ||
|---|---|---|---|
| 003 | PE SENCICO BE | ||
| 005 | 20251020182435.0 | ||
| 008 | 200515s9999 xx 000 0 und d | ||
| 020 | _a958-8060-43-5 | ||
| 040 |
_aPE SENCICO BE _cPE SENCICO BE |
||
| 041 | _aspa | ||
| 082 |
_a378 _bE8 |
||
| 110 | 1 |
_aEscuela Colombiana de Ingeniería _93051 |
|
| 245 | 1 | 0 |
_aRepensando la educación superior con nuevas tecnologías de información y comunicación / _cEscuela Colombiana de Ingeniería |
| 250 | _a1a ed. | ||
| 260 |
_aBogotá : _bEscuela Colombiana de Ingeniería ; _c2004 |
||
| 300 |
_a147 páginas : _bgráficos ; _c24 cm. |
||
| 505 | 0 | _aAprender y enseñar en compañía y con apoyo de Nuevas Tecnologías de Información y Comunicación NTIC -- Mesa redonda: paradigmas de la educación superior ¿se podrán evaluar? -- Entendiendo las ciencias a través de mapas conceptuales -- Mesa redonda: Uso de Nuevas Tecnologías de Información y Comunicación NTIC en la educación superior -- Cambios en el currículo de ingeniería con nuevas Tecnologías de Información y Comunicación NTIC | |
| 650 | 1 | 0 |
_aEducación superior _92690 |
| 650 | 2 | 0 |
_aTecnología de la información y la comunicación (TICS) _9302 |
| 650 | 2 | 0 |
_aAprendizaje _92282 |
| 650 | 2 | 0 |
_aSociología de la educación _92280 |
| 942 |
_cLIB _2ddc |
||
| 999 |
_c370 _d370 |
||